| 000 | 00340nam a22001457a 4500 | ||
|---|---|---|---|
| 003 | OSt | ||
| 008 | 240123b |||||||| |||| 00| 0 eng d | ||
| 020 | _a9780008372439 | ||
| 100 | _aKANWER,Singh | ||
| 245 | _aThings No One Else Can Teach Us | ||
| 250 | _a1st Ed | ||
| 260 |
_aUK _bHarper Collins _c2019 |
||
| 300 | _a307 | ||
| 942 |
_2ddc _cREF |
||
| 999 |
_c12188 _d12188 |
||